| 000 | 00899nam a2200241 i 4500 | ||
|---|---|---|---|
| 001 | 131404 | ||
| 003 | ES-MaACL | ||
| 005 | 20260113125241.0 | ||
| 007 | t| | ||
| 008 | 070214s1919 uy r ||||1| spa d | ||
| 100 | 1 |
_aRodríguez, Ventura _c(Militar) _9163699 |
|
| 245 | 1 | 0 |
_aMemorias militares del General Don Ventura Rodríguez / _cpublicadas por Carlos Travieso. |
| 260 |
_aMontevideo : _bBarreiro y Ramos, _c1919. |
||
| 300 |
_a216 p., 4 lám. : _b`retr. aut` ; _c25 cm. |
||
| 505 | 8 | _aContiene: Guerra Grande. Episodios de la defensa de Montevideo | |
| 530 | _aDisponible en formato digital. | ||
| 651 | 4 |
_aMontevideo- _xHistoria- _y1843-1852 (Sitio) _9163700 |
|
| 700 | 1 |
_aTravieso, Carlos. _9111258 |
|
| 852 |
_aES-MaACL _jG-4938 _cDEPO2 |
||
| 856 | 4 |
_uhttp://bdh-rd.bne.es/viewer.vm?id=0000041937&page=1 _y(Biblioteca Digital Hispánica) |
|
| 942 | _2udc | ||
| 999 |
_c131404 _d131404 |
||